|
|
|
|
| LEADER |
00000cam a2200000 7i4500 |
| 001 |
0000095310 |
| 005 |
20091019.0 |
| 020 |
|
|
|a 0240806476
|
| 090 |
0 |
0 |
|a 791.430232
|b KIN
|
| 100 |
1 |
|
|a Kindem, Gorham
|
| 245 |
1 |
0 |
|a Introduction to media production :
|b the path to digital media production
|c Gorham Kindem, Robert B. Musburger
|
| 250 |
|
|
|a 3rd ed.
|
| 260 |
|
|
|a Oxford :
|b Focal Press ,
|c 2005
|
| 300 |
|
|
|a 319p. ;
|c 27cm.
|
| 650 |
0 |
0 |
|a Analog electronic systems
|
| 650 |
0 |
0 |
|a Digital electronics
|
| 650 |
0 |
0 |
|a Motion picture
|x Introduction and direction
|
| 650 |
0 |
0 |
|a Television
|x Production and direction
|
| 700 |
1 |
|
|a Musburger, Robert B.
|
| 999 |
|
|
|a 00186747
|b BUKU
|c RUJUKAN
|e PERPUSTAKAAN KOMUNITI PETALING JAYA
|